书目信息 |
| 题名: |
教育 : 情感与思想
|
|
| 作者: | 张北海 著 | |
| 分册: | ||
| 出版信息: | 北京 北京师范大学出版社 2014 |
|
| 页数: | 294页 | |
| 开本: | 23cm | |
| 丛书名: | 京师教育随笔 | |
| 单 册: | ||
| 中图分类: | G40-52 , I267.1 | |
| 科图分类: | ||
| 主题词: | 教育--jiao yu--文集 , 教育--jiao yu--随笔--中国--文集 | |
| 电子资源: | ||
| ISBN: | 978-7-303-18344-9 | |
| 000 | 01018nam 2200301 450 | |
| 001 | 012001003789 | |
| 005 | 20130127090612.0 | |
| 010 | @a978-7-303-18344-9@dCNY38.00 | |
| 092 | @aCN@bRTSD667-0774 | |
| 099 | @aCAL 012015052224 | |
| 100 | @a20150203d2014 em y0chiy50 ea | |
| 101 | 0 | @achi@aeng |
| 102 | @aCN@b110000 | |
| 105 | @ay z 000cy | |
| 106 | @ar | |
| 200 | 1 | @a教育 : 情感与思想@Ajiao yu : qing gan yu si xiang@f张北海著 |
| 210 | @a北京@c北京师范大学出版社@d2014 | |
| 215 | @a294页@d23cm | |
| 225 | 2 | @a京师教育随笔@Ajing shi jiao yu sui bi |
| 330 | @a本书共分为情感与培养、学习与发展、思想与自由、历史与批判共四部分,主要内容包括:树人 唯心、让天才的学生得到充分的发展、学会选择、“笨”学生的成就、学会做事等。 | |
| 410 | 0 | @12001@a京师教育随笔 |
| 606 | 0 | @a教育@Ajiao yu@j文集 |
| 606 | 0 | @a教育@Ajiao yu@x随笔@y中国@j文集 |
| 690 | @aG40-52@v5 | |
| 690 | @aI267.1@v5 | |
| 701 | 0 | @a张北海@Azhang bei hai@4著 |
| 801 | 2 | @aCN@b江苏凤凰@c20191020 |
| 905 | @b1218736-9@dG40-52@e991@f4 | |
| 教育 : 情感与思想/张北海著.-北京:北京师范大学出版社,2014 |
| 294页;23cm.-(京师教育随笔) |
| ISBN 978-7-303-18344-9:CNY38.00 |
| 本书共分为情感与培养、学习与发展、思想与自由、历史与批判共四部分,主要内容包括:树人 唯心、让天才的学生得到充分的发展、学会选择、“笨”学生的成就、学会做事等。 |
| ● |
| 相关链接 |
|
|
|
|
正题名:教育 : 情感与思想
索取号:G40-52/991
 
预约/预借
| 序号 | 登录号 | 条形码 | 馆藏地/架位号 | 状态 | 备注 |
| 1 | 1218736 | 212187364 | 第一样本阅览室/ [索取号:G40-52/991] | 在馆 | |
| 2 | 1218737 | 212187373 | 教育系资料室/ [索取号:G40-52/991] | 在馆 | |
| 3 | 1218738 | 212187382 | 教育系资料室/ [索取号:G40-52/991] | 在馆 | |
| 4 | 1218739 | 212187391 | 第四借阅区/ [索取号:G40-52/991] | 在馆 |